| 000 | 00481nam a22001817a 4500 | ||
|---|---|---|---|
| 003 | CEME | ||
| 005 | 20210628202912.0 | ||
| 008 | 210119b xxu||||| |||| 00| 0 eng d | ||
| 020 | _a81-7409-101-7 | ||
| 040 | _c. | ||
| 082 | _a540 UPP | ||
| 100 |
_aUppal, M.M, Bhatia, S.C _962228 |
||
| 245 | _aEngineering chemistry, chemical technology | ||
| 260 |
_aNEW DELHI _bKHANNA PUBLISHERS _c2005 |
||
| 300 | _aXVI,1442 P | ||
| 650 |
_aENGINEERING CHEMISTRY _962229 |
||
| 942 |
_cBK _2ddc |
||
| 999 |
_c571402 _d571402 |
||